[Event "Kieler Open 2015 Gruppe B"]
[Site "Kiel"]
[Date "2015.07.28"]
[Round "6.2"]
[White "Untiedt, Urs Arved"]
[Black "Kaiser, Johannes"]
[Result "1/2-1/2"]
[WhiteElo "1501"]
[BlackElo "1631"]
[PlyCount "59"]
[EventDate "2015.??.??"]
[WhiteTeam "Agon NMS"]
[BlackTeam "SG Kiel-Ost"]

1. c4 e5 2. Nc3 Nf6 3. g3 Nc6 4. Bg2 Bc5 5. e4 O-O 6. Nge2 d6 7. O-O Bg4 8. d3
Nd4 9. Be3 Qd7 10. Kh1 Nxe2 11. Nxe2 Bxe3 12. fxe3 Bh3 13. Ng1 Bxg2+ 14. Kxg2
b5 15. Rc1 bxc4 16. Rxc4 c6 17. Qf3 d5 18. exd5 cxd5 19. Rh4 Qb5 20. Qe2 Qa6
21. Rf5 Rfe8 22. g4 e4 23. d4 Qxe2+ 24. Nxe2 h6 25. Nc3 Red8 26. g5 hxg5 27.
Rxg5 Rab8 28. Na4 Rdc8 29. Rf4 Kf8 30. Rf2 1/2-1/2

[Event "Kieler Open 2015 Gruppe B"]
[Site "Kiel"]
[Date "2015.07.28"]
[Round "6.4"]
[White "Schmieder, Kerstin"]
[Black "Stolzenwald, Frank"]
[Result "1/2-1/2"]
[WhiteElo "1700"]
[BlackElo "1639"]
[PlyCount "89"]
[EventDate "2015.??.??"]
[WhiteTeam "Rodewischer Schachmiezen"]
[BlackTeam "Hamburger SK"]

1. d4 d6 2. e4 c6 3. Nc3 f5 4. Bd3 e6 5. Nf3 Be7 6. O-O fxe4 7. Nxe4 Nf6 8. c3
Nbd7 9. Bf4 Nxe4 10. Bxe4 Nf6 11. Bc2 Nh5 12. Be3 Nf6 13. Qd3 g6 14. Rfe1 Nd5
15. Rac1 a5 16. Qd2 b5 17. Bg5 Ra7 18. Bxe7 Rxe7 19. Bb3 a4 20. Bxd5 cxd5 21.
Re2 O-O 22. Rce1 Qe8 23. Qh6 Rff7 24. Ng5 Rg7 25. Nf3 Rgf7 26. Qg5 Rf5 27. Qg3
h6 28. Qxd6 Qd7 29. Rxe6 Rxe6 30. Rxe6 Qxe6 31. Qg3 Bd7 32. h3 Be8 33. Ne5 Rg5
34. Qh4 Kg7 35. Nf3 Rf5 36. Qg3 Qe4 37. Qc7+ Rf7 38. Qb8 Qe2 39. Qd6 Qxb2 40.
Qe5+ Kf8 41. Qh8+ Ke7 42. Qe5+ Kd7 43. Qxd5+ Kc7 44. Qe5+ Kd8 45. Qd6+ 1/2-1/2

[Event "Kieler Open 2015 Gruppe B"]
[Site "Kiel"]
[Date "2015.07.28"]
[Round "6.5"]
[White "Wichmann, Gerd"]
[Black "Lange, Edgar"]
[Result "1-0"]
[WhiteElo "1689"]
[BlackElo "1599"]
[PlyCount "81"]
[EventDate "2015.??.??"]
[WhiteTeam "VHS Rendsburg"]
[BlackTeam "Kieler SG"]

1. c4 Nf6 2. d4 e6 3. Nc3 Bb4 4. Bd2 O-O 5. e3 d5 6. Nf3 Re8 7. Be2 Nc6 8. O-O
a6 9. Re1 dxc4 10. Bxc4 Bxc3 11. Bxc3 b5 12. Be2 Ne4 13. Qc2 Nxc3 14. Qxc3 Bb7
15. Rac1 Rc8 16. a3 Qe7 17. b4 Rcd8 18. Red1 Rd7 19. Rd2 Red8 20. Rdc2 h6 21.
Qb2 Qd6 22. h3 f6 23. Rc5 Ne7 24. Qc2 Rc8 25. Nh4 f5 26. Bf3 Bxf3 27. Nxf3 Ng6
28. Rc6 Qf8 29. Rxe6 Qf7 30. Rxa6 Kh7 31. Rxg6 Qxg6 32. Ne5 Qe6 33. Nxd7 Qxd7
34. Qc6 Qf7 35. Qxb5 g6 36. Qc4 Qf6 37. b5 h5 38. a4 Qe7 39. a5 Qd7 40. Qc6
Qxc6 41. Rxc6 1-0

[Event "Kieler Open 2015 Gruppe B"]
[Site "Kiel"]
[Date "2015.07.28"]
[Round "6.6"]
[White "Kreutz, Ralf"]
[Black "Bahr, Arne"]
[Result "1/2-1/2"]
[WhiteElo "1686"]
[BlackElo "1676"]
[PlyCount "51"]
[EventDate "2015.??.??"]
[WhiteTeam "Königsjäger SW Berlin"]
[BlackTeam "SG Turm Kiel"]

1. e4 g6 2. Nc3 Bg7 3. f4 d6 4. Nf3 Nd7 5. Bc4 e6 6. O-O c6 7. d3 Ne7 8. Qe1 b5
9. Bb3 Nc5 10. Ne2 Nxb3 11. axb3 Qb6+ 12. Kh1 c5 13. Ng3 h5 14. h4 O-O 15. f5
Qd8 16. fxg6 fxg6 17. c3 e5 18. Bg5 Bg4 19. Qe3 Bxf3 20. Rxf3 Rxf3 21. Qxf3 Qd7
22. Qe3 Nc6 23. Rf1 Qe6 24. Qf2 Rf8 25. Qc2 Qg4 26. Rxf8+ 1/2-1/2

[Event "Kieler Open 2015 Gruppe B"]
[Site "Kiel"]
[Date "2015.07.28"]
[Round "6.7"]
[White "Draasch, Heiko"]
[Black "Kreutz, Jonas"]
[Result "1/2-1/2"]
[WhiteElo "1618"]
[BlackElo "1659"]
[PlyCount "56"]
[EventDate "2015.??.??"]
[WhiteTeam "SG Turm Kiel"]
[BlackTeam "Königsjäger SW Berlin"]

1. f4 d5 2. b3 Nf6 3. e3 b6 4. Bb2 e6 5. Nf3 Bd6 6. Be2 Nbd7 7. Ne5 Nxe5 8.
fxe5 Ne4 9. O-O Be7 10. d3 Nc5 11. Bh5 O-O 12. Nd2 Ba6 13. Qf3 f6 14. exf6 Bxf6
15. Bxf6 Rxf6 16. Qg3 Qe7 17. Rxf6 Qxf6 18. d4 Ne4 19. Nxe4 dxe4 20. c4 Rf8 21.
Be2 Qe7 22. Rf1 Qa3 23. Rxf8+ Kxf8 24. Qxc7 Qxa2 25. Qxa7 Qxe2 26. Qb8+ Kf7 27.
Qf4+ Kg6 28. Qxe4+ Kf7 1/2-1/2

[Event "Kieler Open 2015 Gruppe B"]
[Site "Kiel"]
[Date "2015.07.28"]
[Round "6.8"]
[White "Degenhardt, Andreas"]
[Black "Paolella, Finnley"]
[Result "1/2-1/2"]
[WhiteElo "1762"]
[BlackElo "1286"]
[PlyCount "47"]
[EventDate "2015.??.??"]
[WhiteTeam "SC Lorsch"]
[BlackTeam "Doppelbauer Kiel"]

1. d4 d5 2. Nf3 Nf6 3. e3 e6 4. Nbd2 Be7 5. b3 O-O 6. Bb2 Nbd7 7. Bd3 c6 8. O-O
Qc7 9. Ne5 b6 10. Qe2 Bb7 11. Rac1 c5 12. f4 Ne4 13. a3 Nxe5 14. dxe5 Rfd8 15.
Rfd1 a6 16. c4 Nxd2 17. Rxd2 dxc4 18. Bxc4 Rxd2 19. Qxd2 Qc6 20. Rd1 b5 21. Bf1
Qd5 22. Qc2 Qc6 23. Qd2 Qd5 24. Qc2 1/2-1/2

[Event "Kieler Open 2015 Gruppe B"]
[Site "Kiel"]
[Date "2015.07.28"]
[Round "6.10"]
[White "Haye, Robert"]
[Black "Birkholz, Frank"]
[Result "1-0"]
[WhiteElo "1449"]
[BlackElo "1571"]
[PlyCount "81"]
[EventDate "2015.??.??"]
[WhiteTeam "Kieler SG"]
[BlackTeam "Kieler SG"]

1. c4 c6 2. d4 d5 3. e3 Nf6 4. Nf3 e6 5. Nc3 Nbd7 6. a3 a6 7. b4 Bd6 8. c5 Bc7
9. Bd3 O-O 10. Bb2 Re8 11. O-O e5 12. dxe5 Nxe5 13. Be2 Qe7 14. Nd4 Neg4 15. g3
Ne5 16. Qc2 Bh3 17. Rfe1 Neg4 18. Bf3 Ne4 19. Nxe4 dxe4 20. Bg2 Bxg2 21. Kxg2
Qg5 22. Red1 Qh5 23. h3 Nf6 24. a4 Be5 25. Rd2 Bxd4 26. Rxd4 Qf3+ 27. Kh2 Re6
28. Rd6 Nd5 29. Rxe6 fxe6 30. Kg1 Rf8 31. Ba3 Nxe3 32. fxe3 Qxe3+ 33. Kg2 Rf3
34. Kh1 Rf2 35. Qd1 Qxg3 36. Qd8+ Kf7 37. Qd7+ Kf6 38. Bb2+ Kf5 39. Qf7+ Kg5
40. Qxg7+ Kf4 41. Be5+ 1-0

[Event "Kieler Open 2015 Gruppe B"]
[Site "Kiel"]
[Date "2015.07.28"]
[Round "6.11"]
[White "Plichta, Reiner"]
[Black "Serbin, Alexander"]
[Result "1/2-1/2"]
[WhiteElo "1811"]
[BlackElo "1517"]
[PlyCount "61"]
[EventDate "2015.??.??"]
[WhiteTeam "Kiel"]
[BlackTeam "Kieler SG"]

1. d4 Nf6 2. c4 g6 3. Nc3 Bg7 4. e4 d6 5. f3 O-O 6. Be3 Nbd7 7. Bd3 a6 8. Nge2
b6 9. O-O Bb7 10. Qd2 e5 11. d5 Nc5 12. Bc2 Qe7 13. Bh6 Kh8 14. Bxg7+ Kxg7 15.
b4 Ncd7 16. g4 Rh8 17. h4 h6 18. Ng3 Nh7 19. Qh2 Rac8 20. Kg2 c6 21. Bb3 Nhf6 {
Aus der Notation ging nicht hervor ob nicht doch der andere Springer zog.} 22.
h5 cxd5 23. hxg6 fxg6 24. Nxd5 Nxd5 25. cxd5 Rhf8 26. Rh1 Qg5 27. Raf1 Rc3 28.
Ne2 Re3 29. Rf2 Bc8 30. Qh4 Qxh4 31. Rxh4 1/2-1/2

[Event "Kieler Open 2015 Gruppe B"]
[Site "Kiel"]
[Date "2015.07.28"]
[Round "6.12"]
[White "Weck, Uwe"]
[Black "Behrendt, Matthias"]
[Result "1-0"]
[WhiteElo "1697"]
[BlackElo "1501"]
[PlyCount "73"]
[EventDate "2015.??.??"]
[WhiteTeam "Kaltenkirchen"]
[BlackTeam "Agon NMS"]

1. d4 Nf6 2. c4 e6 3. Nc3 b6 4. Bg5 Bb4 5. e3 Bb7 6. Nf3 d6 7. Bd3 Nbd7 8. O-O
Bxc3 9. bxc3 h6 10. Bh4 c5 11. Bg3 Qe7 12. Re1 O-O 13. Qc2 Rac8 14. d5 exd5 15.
cxd5 c4 16. Be4 Nxe4 17. Nd4 Nxg3 18. hxg3 Nc5 19. e4 Rfe8 20. f3 Qf6 21. Re2
Nd3 22. Qa4 a6 23. Qd7 Nc5 24. Qg4 Qg5 25. Qh3 Rc7 26. f4 Qg6 27. Nf5 Bc8 28.
g4 f6 29. Nxd6 Bxg4 30. Qg3 Ree7 31. f5 Qh5 32. Re3 Nd3 33. Nxc4 Nf4 34. d6
Rxc4 35. dxe7 Ne2+ 36. Rxe2 Bxe2 37. Qb8+ 1-0

[Event "Kieler Open 2015 Gruppe B"]
[Site "Kiel"]
[Date "2015.07.28"]
[Round "6.13"]
[White "Bunke, Mike"]
[Black "Steffen, Jörn"]
[Result "1/2-1/2"]
[WhiteElo "1453"]
[BlackElo "1682"]
[PlyCount "49"]
[EventDate "2015.??.??"]
[WhiteTeam "Schleswiger SV"]
[BlackTeam "Flintbek"]

1. c4 e5 2. g3 Nf6 3. Bg2 d6 4. Nc3 Na6 5. d3 Be7 6. Nf3 O-O 7. O-O c6 8. a3
Nc7 9. b4 Bg4 10. Bb2 Qd7 11. Qd2 Bh3 12. Ng5 Bxg2 13. Kxg2 Nfe8 14. Nce4 f5
15. Nc3 h6 16. Nh3 Ne6 17. f4 Nd4 18. Qd1 Nf6 19. e3 Ng4 20. Bc1 Ne6 21. Nf2
Nxf2 22. Rxf2 exf4 23. exf4 Bf6 24. Bb2 d5 25. Rb1 1/2-1/2

[Event "Kieler Open 2015 Gruppe B"]
[Site "Kiel"]
[Date "2015.07.28"]
[Round "6.14"]
[White "Hartendauer, Frank"]
[Black "Dao, Joerg"]
[Result "1-0"]
[WhiteElo "1413"]
[BlackElo "1465"]
[PlyCount "83"]
[EventDate "2015.??.??"]
[WhiteTeam "Kieler SG"]
[BlackTeam "vereinslos"]

1. d4 d5 2. c4 c6 3. Nc3 Bf5 4. cxd5 cxd5 5. Nf3 f6 6. Bf4 g5 7. Bd2 a6 8. Rc1
b5 9. a3 e6 10. e3 Bd6 11. Be2 h5 12. h3 Bg6 13. Na2 Ne7 14. Bc3 Nd7 15. Bd3
Bf7 16. e4 Ng6 17. g3 Nb6 18. Ba5 Qb8 19. Bxb6 Qxb6 20. O-O g4 21. e5 Be7 22.
exf6 Bxf6 23. Ne5 Nxe5 24. dxe5 Bxe5 25. Qe2 Bxg3 26. Qc2 Kf8 27. Qc3 d4 28.
Qb4+ Qd6 29. fxg3 Qxb4 30. Nxb4 Rd8 31. Rc7 Rh6 32. Rfxf7+ Kg8 33. Nxa6 e5 34.
Nc5 Rhd6 35. Nb7 e4 36. Bxe4 d3 37. Bxd3 Rxd3 38. Nxd8 Rxg3+ 39. Kf2 Rxh3 40.
Rfe7 g3+ 41. Kg1 Rh2 42. Re8# 1-0

[Event "Kieler Open 2015 Gruppe B"]
[Site "Kiel"]
[Date "2015.07.28"]
[Round "6.15"]
[White "Kaltschmidt, Andreas"]
[Black "Lehmkau, Steffen"]
[Result "1/2-1/2"]
[WhiteElo "1535"]
[BlackElo "1715"]
[PlyCount "36"]
[EventDate "2015.??.??"]
[WhiteTeam "Weiden"]
[BlackTeam "Mülheim-Nord"]

1. b4 e5 2. Bb2 Bxb4 3. Bxe5 Nf6 4. c4 d6 5. Bb2 O-O 6. Qb3 Nc6 7. e3 Rb8 8.
Nf3 Re8 9. Be2 Be6 10. Nd4 Nxd4 11. Bxd4 c5 12. Bc3 b5 13. d3 bxc4 14. dxc4 Qa5
15. O-O Bxc3 16. Qxc3 Qxc3 17. Nxc3 Rb2 18. Rfe1 Reb8 1/2-1/2

[Event "Kieler Open 2015 Gruppe B"]
[Site "Kiel"]
[Date "2015.07.28"]
[Round "6.16"]
[White "Howe, Dietrich"]
[Black "Korte, Andreas"]
[Result "1-0"]
[WhiteElo "1667"]
[BlackElo "1354"]
[PlyCount "52"]
[EventDate "2015.??.??"]
[WhiteTeam "Kaltenkirchen"]
[BlackTeam "Raisdorfer SG"]

1. Nf3 d5 2. c4 Nf6 3. cxd5 Nxd5 4. e4 Nf6 5. Nc3 Bg4 6. d4 Bxf3 7. Qxf3 Qxd4
8. Be3 Qb4 9. Bd2 Qc5 10. Rc1 c6 11. Nb5 Qb6 12. Be3 Qa5+ 13. Bd2 Qd8 14. Nc3
e5 15. Rd1 Qc7 16. Bc4 Be7 17. O-O O-O 18. Bg5 Nbd7 19. a3 a5 20. Ne2 Rad8 21.
Ng3 Nc5 22. Rde1 h6 23. Bc1 b5 24. Ba2 Nd3 25. Rd1 Nxc1 26. Rxc1 Rd2 {Der Rest
ist nicht mehr leserlich!} 1-0

[Event "Kieler Open 2015 Gruppe B"]
[Site "Kiel"]
[Date "2015.07.28"]
[Round "6.17"]
[White "Zielke, Bernd"]
[Black "Kaminski, Thorsten"]
[Result "1-0"]
[WhiteElo "1662"]
[BlackElo "1300"]
[PlyCount "37"]
[EventDate "2015.??.??"]
[WhiteTeam "TuS Holtenau"]
[BlackTeam "Schellhorn"]

1. b4 e5 2. Bb2 Bxb4 3. Bxe5 Nc6 4. Bxg7 Qg5 5. Bxh8 Nge7 6. Bc3 Bc5 7. e3 d6
8. h3 Bf5 9. Nf3 Qg6 10. d3 O-O-O 11. Nh4 Qe6 12. Nxf5 Nxf5 13. Be2 Re8 14. e4
Nfd4 15. Bxd4 Bxd4 16. c3 Bxf2+ 17. Kxf2 Rg8 18. Bg4 f5 19. Bxf5 1-0

[Event "Kieler Open 2015 Gruppe B"]
[Site "Kiel"]
[Date "2015.07.28"]
[Round "6.18"]
[White "Müller, Richard"]
[Black "Borchert, Johann"]
[Result "0-1"]
[WhiteElo "1317"]
[BlackElo "1630"]
[PlyCount "86"]
[EventDate "2015.??.??"]
[WhiteTeam "Nickelhütte Aue"]
[BlackTeam "Heikendorfer SV"]

1. e4 e5 2. Nf3 d6 3. Bc4 Bg4 4. h3 Bh5 5. Nc3 Nf6 6. O-O c6 7. d3 h6 8. Be3
Nbd7 9. Kh1 Be7 10. a3 a6 11. b4 Nh7 12. Qe2 Ng5 13. g4 Nxf3 14. Qxf3 Bg6 15.
Qg2 Bg5 16. Rae1 Qe7 17. f3 h5 18. Bb3 Bxe3 19. Rxe3 O-O-O 20. Kg1 Qh4 21. a4
hxg4 22. fxg4 f6 23. Be6 Rde8 24. Bf5 Bf7 25. Kh2 Kc7 26. Ref3 Nf8 27. Qg3
Qxg3+ 28. Rxg3 g6 29. Bxg6 Nxg6 30. Rxf6 Re7 31. Ne2 Be8 32. Rgf3 Rg7 33. c4
Bd7 34. d4 Bxg4 35. Rf7+ Rxf7 36. Rxf7+ Kb8 37. Rg7 Bxe2 38. Rxg6 exd4 39. Rxd6
d3 40. e5 Kc7 41. c5 Rh4 42. e6 Bg4 43. Rxd3 Bxe6 {Rest nicht mehr leserlich!!}
0-1

[Event "Kieler Open 2015 Gruppe B"]
[Site "Kiel"]
[Date "2015.07.28"]
[Round "6.19"]
[White "Farokhi, Keyvan"]
[Black "Hogreve, Holger"]
[Result "1-0"]
[WhiteElo "1283"]
[BlackElo "1514"]
[PlyCount "89"]
[EventDate "2015.??.??"]
[WhiteTeam "Doppelbauer Kiel"]
[BlackTeam "Eckernförder SC"]

1. e4 d5 2. exd5 Qxd5 3. Nc3 Qa5 4. d4 c6 5. Nf3 Nf6 6. Bd3 Bg4 7. Bf4 e6 8.
O-O Nbd7 9. Ne4 Nxe4 10. Bxe4 Nf6 11. Bd3 Be7 12. c3 Nh5 13. Bd2 Qc7 14. h3
Bxf3 15. Qxf3 Nf6 16. Rfe1 h6 17. Bf4 Qb6 18. b3 Rd8 19. Be2 Bd6 20. Bxd6 Rxd6
21. Qg3 Qd8 22. Qxg7 Rh7 23. Qg3 Ke7 24. Bd3 Rh8 25. Rad1 Rg8 26. Qh4 Rd5 27.
Re5 Rg7 28. Qxh6 Qg8 29. Bf1 Rh7 30. Qe3 Ng4 31. hxg4 Qxg4 32. Rd3 Qg8 33. Rxd5
cxd5 34. Qg3 Qh8 35. f3 Rg7 36. Qc7+ Kf6 37. c4 Qh6 38. cxd5 Rh7 39. Qe5+ Ke7
40. d6+ Kd7 41. Kf2 Qh4+ 42. Ke2 Rh5 43. Qe4 Qg3 44. Qxb7+ Kxd6 45. Qb8+ 1-0

[Event "Kieler Open 2015 Gruppe B"]
[Site "Kiel"]
[Date "2015.07.28"]
[Round "6.20"]
[White "Brockmann, Werner"]
[Black "Pöschmann, Jaro"]
[Result "0-1"]
[WhiteElo "1360"]
[BlackElo "1666"]
[PlyCount "50"]
[EventDate "2015.??.??"]
[WhiteTeam "Kieler SG"]
[BlackTeam "Bad Schwartau"]

1. e4 c5 2. Nf3 e6 3. Bc4 d6 4. Nc3 Nf6 5. d4 cxd4 6. Nxd4 Be7 7. Bg5 O-O 8.
Qe2 Nc6 9. Nxc6 bxc6 10. O-O-O d5 11. exd5 cxd5 12. Bb3 a5 13. a3 Bd7 14. h4 a4
15. Ba2 Qb6 16. Nxd5 Nxd5 17. Bxd5 Bxg5+ 18. hxg5 exd5 19. Qh5 Bf5 20. g4 Bg6
21. Qh2 Rab8 22. f4 Qxb2+ 23. Kd2 Qxc2+ 24. Ke3 Rfe8+ 25. Kf3 Rb3+ 0-1

[Event "Kieler Open 2015 Gruppe B"]
[Site "Kiel"]
[Date "2015.07.28"]
[Round "6.21"]
[White "Dambrowski, Ralf"]
[Black "Westphal-Stubbe, Siegbert"]
[Result "0-1"]
[WhiteElo "1335"]
[BlackElo "1822"]
[PlyCount "84"]
[EventDate "2015.??.??"]
[WhiteTeam "Agon NMS"]
[BlackTeam "SG Plöner See"]

1. d4 e6 2. c4 b6 3. Nf3 Bb7 4. e3 Nf6 5. a3 c5 6. Nc3 cxd4 7. exd4 d6 8. Bg5
Be7 9. Be2 a6 10. O-O Nbd7 11. Re1 O-O 12. Qd2 Qc7 13. Rac1 Rad8 14. b3 Qb8 15.
Qe3 Rfe8 16. Red1 d5 17. cxd5 exd5 18. Qd2 Bxa3 19. Ra1 Bb4 20. Bxf6 Nxf6 21.
Bd3 Rc8 22. Rdc1 Ne4 23. Bxe4 dxe4 24. Ne5 Rcd8 25. Qe3 Qd6 26. Nc4 Qxd4 27.
Qxd4 Rxd4 28. Nxb6 Red8 29. h3 Rd3 30. Nba4 g6 31. Rd1 Rxd1+ 32. Rxd1 Rxd1+ 33.
Nxd1 Bd5 34. Nb6 Bxb3 35. Ne3 f5 36. Kf1 a5 37. Ke2 a4 38. Ned5 Ba5 39. Nxa4
Bxd5 40. Nc5 Kf7 41. f3 Bc4+ 42. Ke3 Bb6 0-1

[Event "Kieler Open 2015 Gruppe B"]
[Site "Kiel"]
[Date "2015.07.28"]
[Round "6.22"]
[White "Pick, Max"]
[Black "Feldmann, Wolfgang"]
[Result "1/2-1/2"]
[WhiteElo "840"]
[BlackElo "1715"]
[PlyCount "46"]
[EventDate "2015.??.??"]
[WhiteTeam "Kerpen"]
[BlackTeam "Heikendorfer SV"]

1. c4 e5 2. b3 d5 3. cxd5 Qxd5 4. Nc3 Qd8 5. Nf3 Bd6 6. Bb2 Nc6 7. e3 Nf6 8. d4
exd4 9. exd4 O-O 10. Be2 Re8 11. O-O Bf4 12. Bd3 Bg4 13. h3 Bxf3 14. Qxf3 Qxd4
15. Rad1 Qe5 16. Rfe1 Nd4 17. Qxb7 Qg5 18. Ne4 Nf3+ 19. Kh1 Nxe4 20. Bxe4 Nxe1
21. Rxe1 Rad8 22. Qc6 Re6 23. Qc2 Rd2 1/2-1/2

[Event "Kieler Open 2015 Gruppe B"]
[Site "Kiel"]
[Date "2015.07.29"]
[Round "7.1"]
[White "Kaiser, Johannes"]
[Black "Arndt, Magnus"]
[Result "1/2-1/2"]
[WhiteElo "1631"]
[BlackElo "1587"]
[PlyCount "27"]
[EventDate "2015.??.??"]
[WhiteTeam "SG Kiel-Ost"]
[BlackTeam "Doppelbauer Kiel"]

1. e4 e5 2. Nf3 Nf6 3. d4 Nxe4 4. Bd3 d5 5. Nxe5 Bd6 6. Qh5 O-O 7. O-O Nd7 8.
Nxd7 Bxd7 9. Qxd5 Bc6 10. Qh5 g6 11. Qh6 Re8 12. Nc3 Bf8 13. Qf4 Bd6 14. Qh6
1/2-1/2

[Event "Kieler Open 2015 Gruppe B"]
[Site "Kiel"]
[Date "2015.07.29"]
[Round "7.2"]
[White "Salwasser, Christian"]
[Black "Wichmann, Gerd"]
[Result "1/2-1/2"]
[WhiteElo "1772"]
[BlackElo "1689"]
[PlyCount "93"]
[EventDate "2015.??.??"]
[WhiteTeam "SC Rastatt"]
[BlackTeam "VHS Rendsburg"]

1. e4 e6 2. Nf3 d5 3. exd5 exd5 4. d4 Nf6 5. Nc3 Be7 6. Be2 O-O 7. O-O Bf5 8.
Bf4 c6 9. Nh4 Be6 10. Bd3 Ng4 11. Nf5 Bxf5 12. Bxf5 Nf6 13. Qf3 h6 14. g4 Nbd7
15. h4 Ne4 16. Nxe4 dxe4 17. Bxe4 Bxh4 18. Kh2 Bg5 19. Bxg5 hxg5 20. Qf5 g6 21.
Qf3 Kg7 22. Kg3 Qf6 23. Rad1 Nb6 24. Qxf6+ Kxf6 25. d5 cxd5 26. Bxd5 Nxd5 27.
Rxd5 Rad8 28. Rfd1 Rxd5 29. Rxd5 Re8 30. Kf3 Re5 31. Rd7 Re7 32. Rxe7 Kxe7 33.
Ke4 Ke6 34. Kd4 Kd6 35. b4 f5 36. f3 b5 37. c4 bxc4 38. Kxc4 Ke5 39. Kb5 Kf4
40. Ka6 Kxf3 41. Kxa7 Kxg4 42. b5 f4 43. b6 f3 44. b7 f2 45. b8=Q f1=Q 46. Qc8+
Qf5 47. Qc4+ 1/2-1/2

[Event "Kieler Open 2015 Gruppe B"]
[Site "Kiel"]
[Date "2015.07.29"]
[Round "7.3"]
[White "Schmieder, Kerstin"]
[Black "Untiedt, Urs Arved"]
[Result "0-1"]
[WhiteElo "1700"]
[BlackElo "1501"]
[PlyCount "78"]
[EventDate "2015.??.??"]
[WhiteTeam "Rodewischer Schachmiezen"]
[BlackTeam "Agon NMS"]

1. d4 d5 2. Nc3 Nf6 3. Bg5 e6 4. e4 Be7 5. e5 Ne4 6. Nxe4 dxe4 7. Bxe7 Qxe7 8.
Qd2 Bd7 9. Bc4 O-O 10. Ne2 b5 11. Bb3 Rd8 12. O-O c5 13. c3 Nc6 14. Qe3 Na5 15.
Bc2 Nc4 16. Qxe4 g6 17. Qf4 Nxb2 18. Rab1 Nc4 19. Be4 Rab8 20. Rfd1 Nb6 21. h3
Na4 22. Qf3 Bc8 23. Ng3 b4 24. cxb4 cxd4 25. Rb3 Nc3 26. Rd2 Rxb4 27. Ne2 Rxb3
28. axb3 Qg5 29. Qd3 Ba6 30. f4 Nxe2+ 31. Qxe2 Qxf4 32. Bd3 Qe3+ 33. Kf1 Bxd3
34. Rxd3 Qc1+ 35. Kf2 Qf4+ 36. Ke1 Rd5 37. g3 Qxe5 38. Kd2 Qg5+ 39. Ke1 Re5 0-1

[Event "Kieler Open 2015 Gruppe B"]
[Site "Kiel"]
[Date "2015.07.29"]
[Round "7.4"]
[White "Sowa, Kay"]
[Black "Draasch, Heiko"]
[Result "1/2-1/2"]
[WhiteElo "1689"]
[BlackElo "1618"]
[PlyCount "59"]
[EventDate "2015.??.??"]
[WhiteTeam "Doppelbauer Kiel"]
[BlackTeam "SG Turm Kiel"]

1. d4 Nf6 2. c4 e6 3. Nc3 Bb4 4. Qc2 d5 5. f3 Nc6 6. e3 O-O 7. a3 Be7 8. Bd3 h6
9. Nge2 e5 10. cxd5 exd4 11. dxc6 dxc3 12. Nxc3 bxc6 13. O-O Bd6 14. Ne4 c5 15.
Nxd6 cxd6 16. e4 Qb6 17. Be3 a5 18. Rfd1 Be6 19. Rab1 Bb3 20. Qc3 Bxd1 21. Rxd1
Rab8 22. Rd2 Rfc8 23. Bc4 Qc7 24. Bxh6 Qe7 25. Bf4 Ne8 26. Rd5 Rb6 27. Rf5 Nf6
28. Bg5 d5 29. Bxd5 Nxd5 30. Rxd5 1/2-1/2

[Event "Kieler Open 2015 Gruppe B"]
[Site "Kiel"]
[Date "2015.07.29"]
[Round "7.5"]
[White "Stolzenwald, Frank"]
[Black "Kreutz, Ralf"]
[Result "1-0"]
[WhiteElo "1639"]
[BlackElo "1686"]
[PlyCount "57"]
[EventDate "2015.??.??"]
[WhiteTeam "Hamburger SK"]
[BlackTeam "Königsjäger SW Berlin"]

1. b4 d5 2. e3 Nf6 3. Bb2 Bf5 4. c4 c6 5. a4 e6 6. c5 b6 7. d4 bxc5 8. bxc5 Ne4
9. a5 Nd7 10. Nc3 Rb8 11. Nxe4 Bxe4 12. Bc3 Be7 13. f3 Bg6 14. Bd3 Bxd3 15.
Qxd3 O-O 16. Ne2 e5 17. O-O f5 18. Qa6 Qc7 19. Rab1 e4 20. Nf4 Rf6 21. fxe4
fxe4 22. Rxb8+ Nxb8 23. Qe2 Nd7 24. Rb1 Rh6 25. a6 Qc8 26. Rb7 Bf6 27. Qg4 g5
28. Rxd7 Qxa6 29. Qe6+ 1-0

[Event "Kieler Open 2015 Gruppe B"]
[Site "Kiel"]
[Date "2015.07.29"]
[Round "7.6"]
[White "Kreutz, Jonas"]
[Black "Haye, Robert"]
[Result "0-1"]
[WhiteElo "1659"]
[BlackElo "1449"]
[PlyCount "56"]
[EventDate "2015.??.??"]
[WhiteTeam "Königsjäger SW Berlin"]
[BlackTeam "Kieler SG"]

1. e4 c5 2. Nc3 d6 3. f4 Nf6 4. Nf3 e6 5. Bb5+ Nc6 6. Bxc6+ bxc6 7. O-O Be7 8.
d3 O-O 9. Qe1 d5 10. e5 Nd7 11. b3 Ba6 12. a3 Nb6 13. Ne2 c4 14. bxc4 dxc4 15.
d4 Nd5 16. c3 Rb8 17. Qg3 Kh8 18. Bd2 Rb3 19. Rfb1 Qb6 20. Qe1 Rb8 21. Rxb3
cxb3 22. Ng5 b2 23. Rb1 Bxg5 24. fxg5 Bd3 25. c4 Bxb1 26. c5 Qb5 27. Qxb1 Qxe2
28. Ba5 Ne3 0-1

[Event "Kieler Open 2015 Gruppe B"]
[Site "Kiel"]
[Date "2015.07.29"]
[Round "7.9"]
[White "Paolella, Finnley"]
[Black "Weck, Uwe"]
[Result "1/2-1/2"]
[WhiteElo "1286"]
[BlackElo "1697"]
[PlyCount "85"]
[EventDate "2015.??.??"]
[WhiteTeam "Doppelbauer Kiel"]
[BlackTeam "Kaltenkirchen"]

1. e4 c5 2. Nc3 Nc6 3. f4 e6 4. Nf3 a6 5. d3 d6 6. Be2 Be7 7. O-O Qc7 8. Re1
Nf6 9. Bf1 e5 10. fxe5 Nxe5 11. Be3 Neg4 12. h3 Nxe3 13. Rxe3 O-O 14. d4 b5 15.
dxc5 Qxc5 16. Qd4 Qc7 17. Qd2 Bb7 18. Kh1 Rad8 19. Rae1 Nd7 20. Nd5 Bxd5 21.
exd5 Bf6 22. c3 Ne5 23. Qc2 Qc5 24. Qd1 Nxf3 25. Rxf3 Rfe8 26. Rxe8+ Rxe8 27.
Bd3 Re5 28. b4 Qxd5 29. Re3 Qxa2 30. Rf3 Qe6 31. Qc2 Re1+ 32. Kh2 Qe5+ 33. g3
g6 34. Qf2 Kg7 35. Rxf6 Qxf6 36. Qxe1 d5 37. Kg2 h6 38. Bc2 d4 39. cxd4 Qxd4
40. Qe4 Qd2+ 41. Kf3 Qc3+ 42. Kf2 Qd2+ 43. Kf3 1/2-1/2

[Event "Kieler Open 2015 Gruppe B"]
[Site "Kiel"]
[Date "2015.07.29"]
[Round "7.10"]
[White "Lange, Edgar"]
[Black "Kathage, Holger"]
[Result "0-1"]
[WhiteElo "1599"]
[BlackElo "1650"]
[PlyCount "62"]
[EventDate "2015.??.??"]
[WhiteTeam "Kieler SG"]
[BlackTeam "Kiel"]

1. e4 c5 2. c3 d5 3. exd5 Qxd5 4. d4 e6 5. Nf3 Nf6 6. Be3 cxd4 7. Bxd4 Be7 8.
Be2 Nc6 9. O-O Nxd4 10. Nxd4 O-O 11. Bf3 Qa5 12. Nd2 Rd8 13. Qb3 e5 14. Nc4 Qc5
15. Nc2 Be6 16. N2e3 e4 17. Be2 b5 18. Rfe1 bxc4 19. Qa4 Rab8 20. Nxc4 Bxc4 21.
Bxc4 Rxb2 22. Rf1 e3 23. fxe3 Qxe3+ 24. Kh1 Qg5 25. Qc6 Qc5 26. Qxc5 Bxc5 27.
Rae1 Rdd2 28. Re8+ Nxe8 29. Rxf7 Kh8 30. Bf1 Rf2 31. Rxf2 Rxf2 0-1

[Event "Kieler Open 2015 Gruppe B"]
[Site "Kiel"]
[Date "2015.07.29"]
[Round "7.11"]
[White "Pöschmann, Jaro"]
[Black "Hartendauer, Frank"]
[Result "0-1"]
[WhiteElo "1666"]
[BlackElo "1413"]
[PlyCount "52"]
[EventDate "2015.??.??"]
[WhiteTeam "Bad Schwartau"]
[BlackTeam "Kieler SG"]

1. d4 d5 2. c4 e6 3. Nc3 Nf6 4. Nf3 Be7 5. Bf4 c6 6. e3 O-O 7. c5 Nbd7 8. Bd3
b6 9. b4 h6 10. h3 Re8 11. O-O Bb7 12. a4 Qc8 13. Ra3 a5 14. bxa5 bxc5 15. dxc5
Nxc5 16. Bc2 Ba6 17. Re1 Nd3 18. Bxd3 Bxa3 19. Bxa6 Qxa6 20. Qb3 Be7 21. Bc7
Bd8 22. Bb6 Rb8 23. Rb1 Nd7 24. Qa3 Bxb6 25. axb6 Nxb6 26. a5 Nc4 0-1